• 首页
  • 本馆介绍
  • 公告通知
  • 最新文献
  • 馆藏检索
  • 电子资源
  • 读者导购
  • 参考咨询
  • 我的图书馆
  • 登录
  • 详细信息显示
  • 放入我的书架
  • 预约/预借图书
  • 作者相关作品
  • 分类相关作品
  • 丛书相关作品
  • 出版社相关作品

书目信息

  • 表格格式
  • 工作单格式
  • 卡片格式
题名:
电子线路实验指导
    
 
作者: 周鸣籁 , 夏淳 , 吕岗 编著
分册:  
出版信息: 苏州   苏州大学出版社  2006
页数: 137页
开本: 26cm
丛书名: 理工科电子信息类DIY系列丛书
单 册:
中图分类: TN710-33
科图分类:
主题词: 电子电路--实验--高等学校--教学参考资料 , 电子电路 , 实验
电子资源:
ISBN: 7-81090-660-7
000 01016oam2 2200301 450
001 012007517485
005 20070517095930.12
010    @a7-81090-660-7@dCNY19.00
100    @a20070512d2006 km y0chiy0120 ea
101 0  @achi
102    @aCN@b320000
105    @ay z 000yy
106    @ar
200 1  @a电子线路实验指导@Adian zi xian lu shi yan zhi dao@f周鸣籁,夏淳,吕岗编著@Fzhou ming lai,xia chun,lu gang bian zhu
210    @a苏州@c苏州大学出版社@d2006
215    @a137页@d26cm
225 2  @a理工科电子信息类DIY系列丛书
330    @a本书介绍了电子线路实验的基础知识;选编了低频电路和高频电路实验;安排了大型综合实验;简单介绍了电路仿真软件PSPICE的应用。
461  0 @12001 @a理工科电子信息类DIY系列丛书
606 0  @a电子电路@x实验@x高等学校@j教学参考资料
606 0  @a电子电路
606 0  @a实验
690    @aTN710-33@v4
701  0 @a周鸣籁@Azhou ming lai@4编著
701  0 @a夏淳@Axia chun@4编著
701  0 @a吕岗@Alu gang@4编著
801  0 @aCN@bRULIN@c20070517
905    @dTN710-33@e227@s5
    
    电子线路实验指导/周鸣籁,夏淳,吕岗编著.-苏州:苏州大学出版社,2006
    137页;26cm.-(理工科电子信息类DIY系列丛书)
    
    
    ISBN 7-81090-660-7:CNY19.00
    本书介绍了电子线路实验的基础知识;选编了低频电路和高频电路实验;安排了大型综合实验;简单介绍了电路仿真软件PSPICE的应用。
●
相关链接 在E读中查询图书 在五车中查询图书 在当当中查询图书 在豆瓣中查询图书


正题名:电子线路实验指导     索取号:TN710-33/227         预约/预借

序号 登录号 条形码 馆藏地/架位号 状态 备注
1 0573062   205730627   第二样本阅览室/ [索取号:TN710-33/227] 在馆    
2 0573063   205730636   第三借阅区/ [索取号:TN710-33/227] 在馆    
3 0573064   205730645   第三借阅区/ [索取号:TN710-33/227] 在馆    
4 0573065   205730654   第三借阅区/ [索取号:TN710-33/227] 在馆    
5 0573066   205730663   第三借阅区/ [索取号:TN710-33/227] 在馆    
唐山师范学院图书馆 欢迎您!
大连网信软件有限公司© 版权所有